Ensayos sobre estabilidad y desarrollo económicos

محفوظ في:
التفاصيل البيبلوغرافية
المؤلف الرئيسي: Kaldor, Nicholas
التنسيق: نص
منشور في: Madrid: Tecnos
الوسوم: إضافة وسم
لا توجد وسوم, كن أول من يضع وسما على هذه التسجيلة!

MARC

LEADER 00000 a a2200000 04500
001 22223
003
040
090 |a 150800  
100 |a Kaldor, Nicholas  
245 |a Ensayos sobre estabilidad y desarrollo económicos  
260 |a Madrid:   |b Tecnos  
300 |a 284 p.  
999 |c 11598  |d 11598